Copa America Argentina Squad 2019 - Statistics

General Stats
  • This quiz has been taken 171 times
  • The average score is 14 of 23
Answer Stats
Pos. Current Club Player % Correct
RW PSG Angel Di Maria
94%
RW FC Barcelona Lionel Messi
94%
ST Manchester City Sergio Aguero
94%
CB Manchester City Nicolas Otamendi
92%
LB Ajax Amsterdam Nicolas Tagliafico
91%
ST Internazionale Lautaro Martinez
90%
LW Juventus Paulo Dybala
88%
CAM Tottenham Hotspur Giovani Lo Celso
79%
GK River Plate Franco Armani
78%
CM PSG Leandro Paredes
78%
CB Tottenham Hotspur Juan Foyth
76%
CM Udinese Rodrigo de Paul
67%
LW Sporting CP Marcos Acuna
57%
CM Watford Roberto Pereyra
53%
CB Fiorentina German Pezzella
49%
GK Udinese Juan Musso
44%
GK America Agustin Marchesin
38%
CDM America Guido Rodriguez
36%
LB River Plate Milton Casco
29%
CDM Tigres Guido Pizarro
25%
CB Villarreal Ramiro Funes Mori
25%
ST River Plate Matias Suarez
23%
RB River Plate Renzo Saravia
9%
No matching quizzes found
Score Distribution
Percent of People with Each Score
Percentile by Number Answered
Your Score History
You have not taken this quiz